000 00911cam a22003017a 4500
003 CHAP
005 20220329133924.0
008 971013s1928 r 00010 d
010 _a12719
011 _a13691
035 _a17763
040 _cCHAP
082 _a631.44
_bG55
100 0 0 _aGlinka, Konstantin Dmitrievich.
_948286
245 1 4 _aThe great soil groups of the world and their development
260 _aAnn Arbor, Mich. :
_bEdwards Brothers,
_c1928
300 _a235 h.
500 _aMimeógrafo
590 _aBATCH-UPD
_b10
_c20130110
_lUCH01
_h1513
590 _aBATCH-UPD
_b10
_c20130410
_lUCH01
_h0929
590 _aBATCH-UPD
_b10
_c20130914
_lUCH01
_h1836
590 _aCONVERSION
_b10
_c20130109
_lUCH01
_h1308
650 1 4 _aSuelos.
_9110191
650 1 4 _aSuelos
_xClasificación.
_9110239
901 _aBK
942 _cLIBRO
949 _a631.44 G55
_bBC
_cBPP
_d-41676
_eBPP
_h16615
_i17763
_mD
_si
999 _c12719
_d12719